Проблемы метода: пер. с фр.

Bibliographic Details
Main Author: Сартр Ж. П. Жан Поль
Summary:Очерк французского философа и писателя Жана Поля Сартра (1905-1980) «Проблемы метода», непосредственно связанный с его обширным трудом «Критика диалектического разума», характеризуется автором как общий обзор круга вопросов, охватываемых экзистенциализмом. Это исследование вскрывает внутренние противоречия философской антропологии и намечает, на методологическом уровне, способы их преодоления. Путь к созданию подлинной «структурной и исторической» антропологии Сартр видит в соединении критически переосмысленной материалистической диалектики, психоанализа и экзистенциализма. Особое внимание в работе уделяется феномену отчуждения — как в жизни и деятельности индивидуума, так и в исторической практике. 2-е издание «Проблем метода», произведения последнего периода творчества Сартра, дополнено тремя эссе, относящимися к другим этапам его философской эволюции — раннему («феноменологическому») и среднему (периоду разработки собственно экзистенциальной проблематики).
Language:Russian
Published: Москва, Академический проект, 2008
Series:Философские технологии
Subjects:
Format: Book
KOHA link:https://koha.lib.tpu.ru/cgi-bin/koha/opac-detail.pl?biblionumber=144757

MARC

LEADER 00000nam0a2200000 4500
001 144757
005 20231101221120.0
010 |a 9785829108991 
035 |a (RuTPU)RU\TPU\book\156890 
090 |a 144757 
100 |a 20081008d2008 km y0rusy50 ca 
101 1 |a rus  |c fre 
102 |a RU 
105 |a y z 001zy 
200 1 |a Проблемы метода  |e пер. с фр.  |f Ж. П. Сартр 
210 |a Москва  |c Академический проект  |d 2008 
215 |a 223 с. 
225 1 |a Философские технологии 
320 |a Указатель имен: с. 219-221. 
330 |a Очерк французского философа и писателя Жана Поля Сартра (1905-1980) «Проблемы метода», непосредственно связанный с его обширным трудом «Критика диалектического разума», характеризуется автором как общий обзор круга вопросов, охватываемых экзистенциализмом. Это исследование вскрывает внутренние противоречия философской антропологии и намечает, на методологическом уровне, способы их преодоления. Путь к созданию подлинной «структурной и исторической» антропологии Сартр видит в соединении критически переосмысленной материалистической диалектики, психоанализа и экзистенциализма. Особое внимание в работе уделяется феномену отчуждения — как в жизни и деятельности индивидуума, так и в исторической практике. 2-е издание «Проблем метода», произведения последнего периода творчества Сартра, дополнено тремя эссе, относящимися к другим этапам его философской эволюции — раннему («феноменологическому») и среднему (периоду разработки собственно экзистенциальной проблематики). 
606 1 |a Французская философия  |x История  |z вторая половина 19-20 в. в.  |2 stltpush  |3 (RuTPU)RU\TPU\subj\64341  |9 81247 
610 1 |a философия 
610 1 |a история 
610 1 |a Франция 
610 1 |a 20 век 
610 1 |a экзистенциализм 
610 1 |a феноменология 
686 |a Ю3(4Фр)6  |v LBC/SL-A  |2 rubbk 
700 1 |a Сартр  |b Ж. П.  |c французский писатель  |c философ  |c публицист  |f 1905-1980  |g Жан Поль  |2 stltpush  |3 (RuTPU)RU\TPU\pers\1274  |9 569 
801 1 |a RU  |b 63413507  |c 20081008  |g PSBO 
801 2 |a RU  |b 63413507  |c 20141118  |g RCR 
942 |c BK 
959 |a 88/20081006  |d 1  |e 120,00  |f ЧЗГЛ:1 
959 |a 111/20091027  |d 1  |e 130,00  |f ЧЗГЛ:1